Score 0/20 Timer 03:00
1 Play Today
Scrambled Sea Creature Unscrambled Sea Creature % Correct
LWAHEWhale
97.2%
DQIUSSquid
96.5%
KSAHRShark
95.6%
EYSHLJFLIJellyfish
90%
RLIKLKrill
84.8%
LKNTAPONPlankton
82.2%
ARCOOrca
81.7%
GEONPSSponge
79.4%
OPNIDLHDolphin
77.9%
RLCAOCoral
73.7%
Scrambled Sea Creature Unscrambled Sea Creature % Correct
CPOSUTOOctopus
72.1%
HSEESAROSeahorse
67.2%
CLEARNABBarnacle
65.6%
LMSONASalmon
65.1%
RFSATIHSStarfish
65.1%
MEEAASNONESea Anemone
56.3%
ATENAMEManatee
52.2%
ROPEPISOPorpoise
48.5%
OBLTRSELobster
45.3%
TAGYSIRNStingray
44.3%
Remove Ads.
Support Sporcle.
Get the best of Sporcle when you Go Orange. This ad-free experience offers more features, more stats, and more fun while also helping to support Sporcle. Thank you for becoming a member.

You're not logged in!

Compare scores with friends on all Sporcle quizzes.
OR
Log In

Show Comments

Extras

Top Quizzes Today


Score Distribution

Your Account Isn't Verified!

In order to create a playlist on Sporcle, you need to verify the email address you used during registration. Go to your Sporcle Settings to finish the process.

Report this User

Report this user for behavior that violates our Community Guidelines.

Details: